| 000 | 01167nam2a22002651 4500 | ||
|---|---|---|---|
| 001 | RU\NLR\INFOCOMM10\1000274265 | ||
| 005 | 20250617124200.0 | ||
| 035 | _a(NLR Aleph) 002608057 | ||
| 090 |
_a3504815 _c3504815 |
||
| 100 | _a20040812d1967 |||y0rusy50 ca | ||
| 101 | 0 | _arus | |
| 102 | _aRU | ||
| 105 | _ay ||||||||| | ||
| 200 | 1 |
_aАлмазно-абразивная доводка плоских деталей на вибрационном станке ВДП-4м _fН.С. Каракулов и др. |
|
| 210 |
_d1967 _aБ. м. |
||
| 225 | 1 |
_aТема 20 _vВып.3 |
|
| 461 | 0 |
_1001RU\NLR\INFOCOMM10\1000264961 _12001#$aПередовой научно-технический и производственный опыт$fГос. Ком. Совета Министров РСФСР по координации науч.-исслед. работ. Гос. Науч.-исслед. ин-т науч. и техн. информации$v1967, №20-67-1010 |
|
| 700 | 1 |
_aКаракулов _bН.С. _4070 |
|
| 801 | 1 |
_aRU _bInfoComm _c20040812 |
|
| 801 | 0 |
_aRU _bNLR _gPSBO |
|
| 852 |
_aNLR _jП11/2295 |
||
| 942 | _cISSUE | ||
| 980 | _aNB | ||
| 980 | _aRUSPER | ||